Hidalguida (Record no. 162940)

MARC details
000 -LEADER
campo de control de longitud fija 00578nam a2200157 i 4500
001 - NÚMERO DE CONTROL
campo de control 162940
003 - IDENTIFICADOR DE NÚMERO DE CONTROL
campo de control ES-MaACL
005 - FECHA Y HORA DE LA ÚLTIMA TRANSACCIÓN
campo de control 20230906212632.0
008 - DATOS DE LONGITUD FIJA--INFORMACIÓN GENERAL
campo de control de longitud fija 050712s1882 sp f |||| | spa d
100 1# - ENTRADA PRINCIPAL--NOMBRE DE PERSONA
Nombre de persona Ramos, Mariano Eduardo.
9 (RLIN) 131582
245 10 - MENCIÓN DEL TÍTULO
Título Hidalguida
Resto del título : poema épico en doce cantos /
Mención de responsabilidad, etc. por el C. Mariano Eduardo Ramos.
260 ## - PUBLICACIÓN, DISTRIBUCIÓN, ETC.
Lugar de publicación, distribución, etc. Puebla de Zaragoza :
Nombre del editor, distribuidor, etc. [s.n.],
Fecha de publicación, distribución, etc. 1882 (
Fabricante Imp. de A. González y Cª)
300 ## - DESCRIPCIÓN FÍSICA
Extensión 106 p., [1] h. de lám. ;
Dimensiones 22 cm.
752 ## - ENTRADA AGREGADA--NOMBRE JERÁRQUICO DEL LUGAR
País o entidad superior España -
Jurisdicción política intermedia Zaragoza -
Ciudad Puebla de Zaragoza
852 ## - LOCALIZACIÓN
Ubicación ES-MaACL
Número de control de estantería G-1800
Nota libre - Enc. hol. con hierros
Holdings
Estatus retirado Estado de pérdida Estado de daño No para préstamo Colección Biblioteca de origen Biblioteca actual Ubicación en estantería Fecha de adquisición Fuente de adquisición Total de préstamos Signatura topográfica completa Código de barras Visto por última vez Precio de reemplazo Tipo de ítem Koha
        Libros del s. XIX Biblioteca del Ateneo de Madrid Biblioteca del Ateneo de Madrid Depósito 2 17/01/2008     G-1800 1170720 23/02/2023 23/02/2023 Libro impreso antiguo